000 00344nam a2200145Ia 4500
008 191201s2014 xx 000 0 und d
082 _a005.1
_bMAF
100 _aMALL, Rajib
245 0 _aFundamentals of Software Engineering
250 _aRep
260 _aN.Delhi
_bPHI
_c2014
300 _a534
650 _aB.Tech(CSE)
942 _2ddc
_cBK
_04
999 _c5995
_d5995